00982nam a2200265Ia 4500001000600000003000900006008004100015040001300056040001300069041001300082100001800095100002900113240007300142240003500215245003900250245009300289250001100382260001100393260001000404260004900414300005700463500014000520650002500660650003100685 2123IT-RoPAU130308s9999 xx 000 0 und d aIT-RoPAU cIT-RoPAU aITALIANO aDucrot Oswald gCodice Aut. SPICS: 7076 aQU'EST-CE QUE LE STRUCTURALISME?-1-LE STRUCTURALISME EN LINGUISTIQUE gCodice Tit. Orig. Spics: 13082 aStrutturalismo in linguistica (Lo) bChe Cos'E' Lo Strutturalismo?-Linguistica, Poetica, Antropologia, Psicanalisi, Filosofia a2a ed. aMILANO bISEDI c1973 [1° Ed.:1971 - Ed.Ling.Originale:1968] a"96 p. (prefazione: no ; testo: 96 [pagine: 7-102])" aLinguaggio e rappresentazione Linguaggio e Comunicazione Linguaggio e Gioco Nota Sulla Linguistica Strutturale e Il Trasformazionalismo aSAGGI DI LINGUISTICA eCodice materia Spics: 3207